Score 0/14 Timer 04:00
0 Plays Today
% Correct
Australia
99.2%
New Zealand
96.1%
Fiji
90.6%
Marshall Islands
85.8%
Micronesia
80.3%
Papua New Guinea
80.3%
Kiribati
79.5%
% Correct
Vanuatu
78.7%
Palau
77.2%
Samoa
74.8%
Tonga
74.8%
Solomon Islands
73.2%
Nauru
69.3%
Tuvalu
54.3%
Remove Ads.
Support Sporcle.
Get the best of Sporcle when you Go Orange. This ad-free experience offers more features, more stats, and more fun while also helping to support Sporcle. Thank you for becoming a member.

You're not logged in!

Compare scores with friends on all Sporcle quizzes.
OR
Log In

Show Comments

Extras

Created Sep 5, 2017ReportNominate
Tags:Oceania Quiz, Currency

Top Quizzes Today


Score Distribution

Your Account Isn't Verified!

In order to create a playlist on Sporcle, you need to verify the email address you used during registration. Go to your Sporcle Settings to finish the process.

Report this User

Report this user for behavior that violates our Community Guidelines.

Details: